[Event "AUS-ch Seniors"]
[Site "Melbourne"]
[Date "2002.01.04"]
[Round "7"]
[White "Katsnelson, Grigori"]
[Black "Viner, Phillip John"]
[Result "0-1"]
[WhiteElo "1805"]
[BlackElo "2203"]
[PlyCount "80"]
[EventDate "2001.12.28"]
[EventType "swiss"]
[EventRounds "11"]
[EventCountry "AUS"]
[SourceTitle "EXT 2003"]
[Source "ChessBase"]
[SourceDate "2002.11.25"]
[SourceVersion "1"]
[SourceVersionDate "2002.11.25"]
[SourceQuality "1"]

1. e4 c5 2. Nf3 Nc6 3. c4 e5 4. d3 d6 5. Nc3 f5 6. Be2 Nf6 7. 0-0 Be7 8. Bg5 0-0 9. Bxf6 Rxf6 10. Ne1 f4 11. Nd5 Rh6 12. Bg4 Bf8 13. Bxc8 Qxc8 14. h3 Nd4 15. Nf3 Ne6 16. Nh2 Ng5 17. Qg4 Nxh3+ 18. gxh3 Rg6 19. Qxg6 hxg6 20. Ng4 Kf7 21. Kg2 Be7 22. a4 Qh8 23. Rg1 Rf8 24. f3 Qh4 25. Nf2 Qg3+ 26. Kf1 Qxf3 27. Nxe7 Kxe7 28. Rxg6 Rh8 29. Kg1 Kf7 30. Rg2 Qe3 31. Kf1 Qd2 32. Kg1 Qxb2 33. Rf1 Qa2 34. Kh2 Rh7 35. Nd1 Qxa4 36. Nb2 Qd7 37. Rf3 a6 38. Nd1 b5 39. Ne3 b4 40. Nd5 a5 0-1

[Event "AUS-ch Seniors"]
[Site "Melbourne"]
[Date "2001.12.31"]
[Round "4"]
[White "Korda, Gus"]
[Black "Katsnelson, Grigori"]
[Result "0-1"]
[WhiteElo "1762"]
[BlackElo "1805"]
[PlyCount "83"]
[EventDate "2001.12.28"]
[EventType "swiss"]
[EventRounds "11"]
[EventCountry "AUS"]
[SourceTitle "EXT 2003"]
[Source "ChessBase"]
[SourceDate "2002.11.25"]
[SourceVersion "1"]
[SourceVersionDate "2002.11.25"]
[SourceQuality "1"]

1. d4 e6 2. Nf3 d5 3. e3 c5 4. Nbd2 Nc6 5. c3 Nf6 6. Bd3 Bd7 7. 0-0 Qc7 8. e4 dxe4 9. Nxe4 Nxe4 10. Bxe4 cxd4 11. cxd4 Be7 12. Bd2 0-0 13. Rc1 Qd8 14. Re1 Rc8 15. Qb3 Qb6 16. Qd3 h6 17. Bc3 Nb4 18. Qb1 Bc6 19. Bxc6 Nxc6 20. a3 Rcd8 21. Rcd1 Rd5 22. Nd2 Bf6 23. Nc4 Qb5 24. Ne3 Rdd8 25. Qe4 Qa4 26. Rd2 Rfe8 27. Red1 e5 28. b4 Qxa3 29. d5 Qxc3 30. Rd3 Qc4 31. dxc6 Rxd3 32. Rxd3 Qxc6 33. Qxc6 bxc6 34. Rc3 Rc8 35. Rc5 Kf8 36. Kf1 Ke7 37. Ra5 Rc7 38. Ke2 Ke6 39. Kd3 Be7 40. g4 g6 41. Ke4 h5 42. Rxe5+ 0-1